Statistics for Modern-Day Countries By 1950 Population

Click here to take the quiz!

General Stats

  • This quiz has been taken 510 times
  • The average score is 135 of 196

Answers on the Map

Answers color-coded by a green-red scale on the quiz's map according to % correct below.
 

Answer Stats

PopulationStarting LetterContinentCountry% Correct
554,000,000CAsiaChina
100%
376,000,000IAsiaIndia
99%
159,000,000UNorth AmericaUnited States
98%
103,000,000REurope/AsiaRussia
97%
70,000,000GEuropeGermany
96%
82,800,000JAsiaJapan
96%
54,000,000BSouth AmericaBrazil
94%
69,500,000IAsiaIndonesia
94%
50,600,000UEuropeUnited Kingdom
94%
41,800,000FEuropeFrance
93%
46,600,000IEuropeItaly
93%
37,900,000NAfricaNigeria
93%
37,900,000BAsiaBangladesh
90%
37,500,000PAsiaPakistan
90%
27,900,000MNorth AmericaMexico
89%
28,100,000SEuropeSpain
89%
21,400,000TAsia/EuropeTurkey
88%
24,800,000VAsiaVietnam
88%
25,300,000PEuropePoland
87%
37,300,000UEuropeUkraine
87%
20,500,000EAfrica/AsiaEgypt
86%
20,700,000TAsiaThailand
85%
17,000,000ASouth AmericaArgentina
83%
13,700,000CNorth AmericaCanada
83%
18,100,000EAfricaEthiopia
83%
12,000,000CSouth AmericaColombia
82%
12,200,000D/CAfricaDemocratic Republic of the Congo
82%
18,600,000PAsiaPhilippines
82%
19,200,000SAsiaSouth Korea
82%
16,200,000REuropeRomania
81%
13,600,000SAfricaSouth Africa
81%
9,340,000HEuropeHungary
80%
17,100,000IAsiaIran
80%
10,000,000NEuropeNetherlands
80%
8,180,000AOceaniaAustralia
79%
17,800,000MAsiaMyanmar
79%
10,500,000NAsiaNorth Korea
79%
7,780,000PSouth AmericaPeru
79%
8,870,000AAfricaAlgeria
78%
8,640,000BEuropeBelgium
78%
8,900,000CEuropeCzechia
77%
8,990,000MAfricaMorocco
77%
8,420,000PEuropePortugal
77%
6,600,000CSouth AmericaChile
76%
5,920,000CNorth AmericaCuba
76%
7,670,000GEuropeGreece
76%
7,750,000BEuropeBelarus
75%
7,250,000BEuropeBulgaria
75%
6,700,000KAsiaKazakhstan
75%
8,480,000NAsiaNepal
75%
7,010,000SEuropeSweden
75%
7,650,000TAfricaTanzania
75%
5,480,000VSouth AmericaVenezuela
75%
7,750,000AAsiaAfghanistan
74%
6,080,000KAfricaKenya
74%
5,160,000UAfricaUganda
74%
6,260,000UAsiaUzbekistan
74%
4,660,000YAsiaYemen
74%
6,940,000AEuropeAustria
73%
5,950,000SEuropeSerbia
73%
4,270,000DEuropeDenmark
72%
5,720,000IAsiaIraq
72%
4,550,000AAfricaAngola
71%
4,430,000CAsiaCambodia
71%
3,470,000ESouth AmericaEcuador
71%
4,010,000FEuropeFinland
71%
4,710,000MAfricaMali
71%
5,960,000MAfricaMozambique
71%
5,730,000SAfricaSudan
71%
4,670,000SEuropeSwitzerland
71%
3,080,000BSouth AmericaBolivia
70%
5,040,000GAfricaGhana
70%
3,110,000GNorth AmericaGuatemala
70%
3,220,000HNorth AmericaHaiti
70%
3,850,000CEuropeCroatia
69%
6,110,000MAsiaMalaysia
69%
3,270,000NEuropeNorway
69%
7,970,000SAsiaSri Lanka
69%
7,600,000TAsiaTaiwan
69%
2,310,000ZAfricaZambia
69%
2,750,000ZAfricaZimbabwe
69%
2,360,000DNorth AmericaDominican Republic
68%
2,570,000LEuropeLithuania
68%
2,240,000USouth AmericaUruguay
68%
4,310,000CAfricaCameroon
67%
1,550,000HNorth AmericaHonduras
67%
2,910,000IEuropeIreland
67%
1,400,000JNorth AmericaJamaica
67%
1,910,000NOceaniaNew Zealand
67%
2,000,000POceaniaPapua New Guinea
67%
3,440,000SEuropeSlovakia
67%
2,660,000BEuropeBosnia and Herzegovina
66%
2,200,000ENorth AmericaEl Salvador
66%
2,630,000I/CAfricaIvory Coast
66%
1,930,000LEuropeLatvia
66%
1,470,000PSouth AmericaParaguay
66%
3,530,000GAsiaGeorgia
65%
3,010,000GAfricaGuinea
65%
1,680,000LAsiaLaos
65%
2,340,000MEuropeMoldova
65%
1,290,000NNorth AmericaNicaragua
65%
2,560,000NAfricaNiger
65%
1,250,000N/MEuropeNorth Macedonia
65%
2,190,000RAfricaRwanda
65%
2,930,000AAsiaAzerbaijan
64%
4,280,000BAfricaBurkina Faso
64%
1,100,000EEuropeEstonia
64%
289,000FOceaniaFiji
64%
1,740,000KAsiaKyrgyzstan
64%
4,080,000MAfricaMadagascar
64%
860,000PNorth AmericaPanama
64%
1,470,000SEuropeSlovenia
64%
3,610,000TAfricaTunisia
64%
2,500,000CAfricaChad
63%
946,000CNorth AmericaCosta Rica
63%
407,000GSouth AmericaGuyana
63%
764,000KEuropeKosovo
63%
827,000R/CAfricaRepublic of the Congo
63%
3,410,000SAsiaSyria
63%
1,530,000TAsiaTajikistan
63%
900VEuropeVatican City
63%
1,260,000AEuropeAlbania
62%
6,000AEuropeAndorra
62%
1,350,000AAsiaArmenia
62%
2,310,000BAfricaBurundi
62%
43,000F/MOceaniaFederated States of Micronesia
62%
25,000QAsiaQatar
62%
3,120,000SAsiaSaudi Arabia
62%
215,000SSouth AmericaSuriname
62%
646,000TNorth AmericaTrinidad and Tobago
62%
46,000ANorth AmericaAntigua and Barbuda
61%
2,260,000BAfricaBenin
61%
33,000KOceaniaKiribati
61%
1,330,000LAsiaLebanon
61%
14,000LEuropeLiechtenstein
61%
296,000LEuropeLuxembourg
61%
20,000MEuropeMonaco
61%
456,000OAsiaOman
61%
7,000POceaniaPalau
61%
2,490,000SAfricaSenegal
61%
1,210,000TAsiaTurkmenistan
61%
5,000TOceaniaTuvalu
61%
48,000VOceaniaVanuatu
61%
211,000BNorth AmericaBarbados
60%
822,000EAfricaEritrea
60%
273,000E/SAfricaEswatini
60%
77,000GNorth AmericaGrenada
60%
143,000IEuropeIceland
60%
1,260,000IAsiaIsrael
60%
481,000JAsiaJordan
60%
1,120,000LAfricaLibya
60%
2,950,000MAfricaMalawi
60%
13,000MOceaniaMarshall Islands
60%
395,000MEuropeMontenegro
60%
3,000NOceaniaNauru
60%
13,000SEuropeSan Marino
60%
90,000SOceaniaSolomon Islands
60%
2,260,000SAfricaSomalia
60%
46,000SNorth AmericaSt. Kitts and Nevis
60%
1,400,000TAfricaTogo
60%
47,000TOceaniaTonga
60%
415,000E/TAsiaEast Timor
59%
82,000SOceaniaSamoa
59%
2,480,000SAfricaSouth Sudan
59%
79,000BNorth AmericaBahamas
58%
1,330,000CAfricaCentral African Republic
58%
62,000DAfricaDjibouti
58%
51,000DNorth AmericaDominica
58%
930,000LAfricaLiberia
58%
780,000MAsiaMongolia
58%
83,000SNorth AmericaSt. Lucia
58%
67,000SNorth AmericaSt. Vincent and the Grenadines
58%
69,000BNorth AmericaBelize
57%
48,000BAsiaBrunei
57%
535,000GAfricaGuinea-Bissau
57%
705,000LAfricaLesotho
57%
312,000MEuropeMalta
57%
36,000SAfricaSeychelles
57%
2,040,000SAfricaSierra Leone
57%
116,000BAsiaBahrain
56%
177,000BAsiaBhutan
56%
159,000CAfricaComoros
56%
153,000KAsiaKuwait
56%
514,000NAfricaNamibia
56%
651,000MAfricaMauritania
55%
60,000SAfricaSao Tome and Principe
55%
1,020,000SAsiaSingapore
55%
70,000UAsiaUnited Arab Emirates
55%
413,000BAfricaBotswana
54%
473,000GAfricaGabon
54%
74,000MAsiaMaldives
54%
493,000MAfricaMauritius
54%
178,000CAfricaCape Verde
53%
305,000GAfricaGambia
53%
494,000CAsiaCyprus
51%
226,000EAfricaEquatorial Guinea
51%

Score Distribution

Percentile by Number Answered

Percent of People with Each Score

Your Score History

You have not taken this quiz